[Event "SPICE Cup Open 2017"]
[Site "Saint Louis USA"]
[Date "2017.10.26"]
[Round "9.18"]
[White "Young, Angelo"]
[Black "Yoo, Christopher Woojin"]
[Result "0-1"]
[WhiteTitle "IM"]
[BlackTitle "FM"]
[WhiteElo "2292"]
[BlackElo "2194"]
[WhiteFideId "5200490"]
[BlackFideId "30909694"]
[EventDate "2017.10.21"]

1. e4 c5 2. Nf3 d6 3. Nc3 Nf6 4. Bb5+ Bd7 5. Bxd7+ Qxd7 6. O-O Nc6 7. d3 e6 8.
Nd2 Be7 9. f4 O-O 10. h3 Ne8 11. Kh1 Nc7 12. Ne2 f5 13. c3 Kh8 14. a4 b6 15. Nf3
fxe4 16. dxe4 d5 17. Be3 Qe8 18. e5 Qg6 19. Qb1 Qxb1 20. Rfxb1 Rab8 21. g4 g5
22. Rf1 d4 23. cxd4 Nd5 24. Bg1 gxf4 25. Rac1 Ncb4 26. Rfd1 Ne3 27. Rd2 c4 28.
Nc3 Nd3 29. Rb1 Bb4 30. Re2 Bxc3 31. bxc3 Nd5 32. Rc2 h6 33. g5 Rf5 34. h4 h5
35. Kh2 Kg7 36. g6 Kxg6 37. Bf2 Ne3 38. Rg1+ Kh6 39. Rd2 Nxf2 40. Rxf2 Ng4+ 41.
Kg2 Nxf2 42. Kxf2 b5 43. Rb1 a6 44. Nd2 Rf7 45. Ne4 Rg7 46. Nc5 Rb6 47. Ne4 Rg4
48. Nf6 Rg3 49. Nd7 Rc6 50. axb5 axb5 51. Rxb5 Ra6 52. Rb2 Rxc3 53. Nc5 Raa3 54.
d5 Rf3+ 55. Kg2 Rg3+ 56. Kf2 Raf3+ 57. Ke2 Re3+ 58. Kf2 Rxe5 59. Nxe6 Rb3 60.
Ra2 Rxd5 61. Ra6 Rdb5 62. Nd4+ Rb6 63. Ra5 Rd3 64. Nf5+ Kg6 65. Ne7+ Kf7 66. Nd5
Rb2+ 67. Ke1 Rb1+ 68. Ke2 f3+ 69. Kf2 Rb2+ 70. Kg3 f2+ 71. Kg2 f1=Q+ 0-1

[Event "SPICE Cup Open 2017"]
[Site "Saint Louis USA"]
[Date "2017.10.26"]
[Round "9.19"]
[White "Wang, Justin"]
[Black "Cervantes Landeiro, Thalia"]
[Result "1-0"]
[BlackTitle "WFM"]
[WhiteElo "2254"]
[BlackElo "2107"]
[WhiteFideId "30911370"]
[BlackFideId "3520498"]
[EventDate "2017.10.21"]

1. e4 e5 2. Nf3 Nc6 3. Bb5 Nf6 4. d3 Bc5 5. c3 d6 6. O-O Bd7 7. Bg5 h6 8. Bh4
Bb6 9. Nbd2 a6 10. Ba4 Ba7 11. Re1 b5 12. Bb3 g5 13. Bg3 Bg4 14. Nf1 Ne7 15. d4
Ng6 16. dxe5 Bxf3 17. Qxf3 dxe5 18. Qf5 Qe7 19. Ne3 Bxe3 20. fxe3 Nh5 21. Rf1
Rh7 22. Bd5 Nxg3 23. hxg3 Rd8 24. Bc6+ Kf8 25. Qxg6 Rg7 26. Qf5 Rd6 27. Bd5 f6
28. Qc8+ Rd8 29. Qxa6 1-0

[Event "SPICE Cup Open 2017"]
[Site "Saint Louis USA"]
[Date "2017.10.26"]
[Round "9.21"]
[White "Mercado, Luisa Fernanda"]
[Black "Black, James"]
[Result "0-1"]
[WhiteTitle "WFM"]
[WhiteElo "1944"]
[BlackElo "2164"]
[WhiteFideId "4400984"]
[BlackFideId "2048280"]
[EventDate "2017.10.21"]

1. e4 c5 2. Nc3 e6 3. g3 d5 4. exd5 exd5 5. d4 cxd4 6. Qxd4 Be6 7. Bg2 Nc6 8.
Qa4 Bc5 9. Nge2 Ne7 10. O-O O-O 11. Nf4 Nd4 12. Nxe6 fxe6 13. Be3 Nef5 14. Bxd4
Nxd4 15. Rad1 a6 16. b4 b5 17. Qa3 Bb6 18. Rd2 Nf3+ 19. Bxf3 Rxf3 20. Qb2 Qc7
21. Rd3 Raf8 22. Nd1 R3f6 23. c3 h5 24. Qe2 h4 25. Qg4 hxg3 26. hxg3 Qf7 27. Rd2
Rg6 28. Qh4 Qf3 0-1

[Event "SPICE Cup Open 2017"]
[Site "Saint Louis USA"]
[Date "2017.10.26"]
[Round "9.22"]
[White "Polgar-Shutzman, Tom"]
[Black "Mathur, Rithwik"]
[Result "1/2-1/2"]
[WhiteElo "2055"]
[BlackElo "1986"]
[WhiteFideId "2064880"]
[BlackFideId "30913667"]
[EventDate "2017.10.21"]

1. e4 e6 2. d4 d5 3. Nd2 c5 4. Ngf3 cxd4 5. exd5 Qxd5 6. Bc4 Qd6 7. O-O Nf6 8.
Nb3 Nc6 9. Nbxd4 Nxd4 10. Qxd4 Qxd4 11. Nxd4 Bd7 12. Re1 Rc8 13. Bb3 Bc5 14. c3
h6 15. Bf4 O-O 16. Rad1 Rfd8 17. h3 b5 18. Rd3 a5 19. Red1 a4 20. Nxe6 axb3 21.
Nxd8 bxa2 22. Nb7 Bf5 23. Nxc5 Rxc5 24. Rd8+ Kh7 25. Ra1 Be6 26. Rd6 Bc4 27. Be3
Rc7 28. Rd4 Be6 29. Rd6 Bc4 30. Rd4 1/2-1/2

[Event "SPICE Cup Open 2017"]
[Site "Saint Louis USA"]
[Date "2017.10.26"]
[Round "9.23"]
[White "Voelker, James"]
[Black "Shoykhet, Benjamin"]
[Result "1-0"]
[WhiteElo "2098"]
[BlackElo "1819"]
[WhiteFideId "2018853"]
[BlackFideId "30919746"]
[EventDate "2017.10.21"]

1. e4 c5 2. d4 cxd4 3. c3 d3 4. c4 Nf6 5. Nc3 Nc6 6. Bxd3 g6 7. Nf3 Bg7 8. h3 d6
9. O-O O-O 10. Be3 h6 11. Qd2 Kh7 12. Nd5 Nd7 13. Rac1 Nc5 14. Bb1 a5 15. b3 b6
16. Nh2 Bb7 17. Rcd1 e6 18. Nc3 Nb4 19. f3 Re8 20. Rfe1 f5 21. exf5 gxf5 22. Bd4
Qd7 23. Ng4 e5 24. Bxe5 dxe5 25. Qxd7 Nxd7 26. Rxd7 Bc8 27. Nf6+ Kh8 28. Rxg7
Kxg7 29. Nxe8+ Kf8 30. Nd6 1-0